书目信息 |
| 题名: |
英汉技术词典
|
|
| 作者: | ;清华大学 编 | |
| 分册: | ||
| 出版信息: | 北京 国防工业出版社 1978 |
|
| 页数: | 2437页 | |
| 开本: | 19cm | |
| 丛书名: | ||
| 单 册: | ||
| 中图分类: | T-61 | |
| 科图分类: | ||
| 主题词: | 工业技术--英语--汉语--词典 | |
| 电子资源: | ||
| ISBN: | ||
| 000 | 00646cam0 2200229 450 | |
| 001 | 0178001090 | |
| 005 | 20070328094145.0 | |
| 010 | @dCNY12.20 | |
| 091 | @a17034.30@b精装@d¥12.20 | |
| 100 | @a19950801d1978 em y0chiy0110 ea | |
| 101 | 0 | @achi@aeng |
| 102 | @aCN@b110000 | |
| 105 | @ay e 000yy | |
| 106 | @ar | |
| 200 | 1 | @a英汉技术词典@9Ying Han Ji Shu;Zhu Ci Dian @f清华大学《英汉技术词典》编写组编 |
| 210 | @a北京@c国防工业出版社@d1978 | |
| 215 | @a2437页@d19cm | |
| 606 | 0 | @a工业技术@x英语@x汉语@j词典 |
| 690 | @aT-61@v3 | |
| 711 | 02 | @a清华大学@9qing hua da xue@4编 |
| 801 | 0 | @aCN@bAzMarc@c20210624 |
| 905 | @dT@e12@f1@sT/12@S@Z | |
| 英汉技术词典/清华大学《英汉技术词典》编写组编.-北京:国防工业出版社,1978 |
| 2437页;19cm |
| ISBN :CNY12.20 |
| ● |
| 相关链接 |
|
|
|
正题名:英汉技术词典
索取号:T/12
 
预约/预借
| 序号 | 登录号 | 条形码 | 馆藏地/架位号 | 状态 | 备注 |
| 1 | 2000032650 | 2000032650 | 特藏书库/藏008架B面1层4列/ [索取号:T/12] | 在馆 |